| 000 | 00716nas a2200241 i 4500 | ||
|---|---|---|---|
| 001 | 830 | ||
| 003 | ES-MaACL | ||
| 005 | 20250803062526.0 | ||
| 007 | t| | ||
| 008 | 950801c1985 sp | | 1 ||pa d | ||
| 022 | _a0214-2309 | ||
| 080 | _a93/99 | ||
| 245 | 0 | 0 |
_aEstudios africanos _b: revista de la Asociación Española de Africanistas (AEA). |
| 260 |
_aMadrid : _bAsociación Española de Africanistas, _c1985- |
||
| 300 |
_a3 v. ; _c24 cm. |
||
| 310 | _aSemestral | ||
| 362 | 0 | _aN. 1 (2º semestre 1985)- | |
| 650 | 1 | 7 |
_aHistoria _2embne _9179933 |
| 710 | 2 |
_aAsociación Española de Africanistas. _91639 |
|
| 852 |
_aES-MaACL _jHEM-H-487 _xOlim: Hem-1881 |
||
| 866 | 0 | _o1989-97. | |
| 999 |
_c830 _d830 |
||